Statistics for Rivers Quiz P.2

Click here to take the quiz!

General Stats

  • This quiz has been taken 14 times
  • The average score is 9 of 12

Answer Stats

Answer% Correct
Ganges
100%
Indus
100%
Jordan
100%
Euphrates
90%
Tigris
90%
Danube
80%
Tagus
80%
Zambezi
80%
Brahmaputra
60%
Irrawaddy
60%
Amu Darya
40%
Zap
10%

Score Distribution

Percentile by Number Answered

Percent of People with Each Score

Your Score History

You have not taken this quiz